000 00618nam a2200193Ia 4500
001 17615
003 GE_BSU
008 181216s||||||||xx |||||||||||||| ||und||
040 _cGE_BSU
080 _a621.88(035)
100 _aВасильев,В.З. Георгиевский,Н.Н. Дубяго,А.Д. и др.
245 _aСправочные таблицы по деталям машин. Часть I.
260 _aМ.
260 _bМашгиз.
260 _c1955.
300 _a375 стр. с илл. 22 см.
653 _aСправочные таблицы по деталям машин.
942 _cBK
999 _c50664
_d50664